Films dont le titre commence par un F (2) - Statistiques

Statistiques générales
  • Ce quiz a été pris 13 fois
  • Le résultat moyen est 4 sur 30
Statistiques - réponses
Année Réalisateur Genre 1 acteur ou
1 actrice
Titre % Correct
1994 R. Zemeckis Comédie Tom Hanks Forrest Gump
67%
1983 A. Lyne Musical Jennifer Beals Flashdance
58%
1987 S. Kubrick Guerre Adam Baldwin Full metal jacket
50%
1980 A. Parker Musical Irene Cara Fame
42%
2016 I. Gotesman Comédie Pierre Niney Five
42%
2014 D. Ayer Guerre Brad Pitt Fury
42%
2002 J. Taymor Biographie Salma Hayek Frida
33%
2001 R. Cohen Thriller Vin Diesel Fast and Furious
25%
2004 M. Moore Documentaire Robert De Niro Fahrenheit 9/11
17%
2016 F. Ozon Drame Pierre Niney Frantz
17%
1995 G. Oury Comédie Philippe Noiret Fantôme avec chauffeur
8%
2008 Ch Barratier Comédie dramtique Gérard Jugnot Faubourg 36
8%
2019 C. Kahn Comédie dramatique Catherine Deneuve Fête de famille
8%
2013 P. Bourdiaux Comédie Kev Adams Fiston
8%
2006 B. Dumont Drame David Legay Flandres
8%
1983 A. Corneau Saga Gérard Depardieu Fort Saganne
8%
1991 C. Schenkel Policier Christophe Lambert Face à face
0%
1999 R. Enrico Drame Charles Berling Fait d'hiver
0%
2005 P. Lounguine Comédie Constantin Khabenski Familles à vendre
0%
2013 D. Auteuil Comédie dramatique Victoire Bélézy Fanny
0%
1994 G. Corbiau Comédie dramatique Stefano Dionisi Farinelli
0%
2017 S. Cicurel Comédie Jenifer Bartoli Faut pas lui dire
0%
2018 S. Bailly Comédie dramatique Lise Bellynck Féminin plurielles
0%
2019 L. Castro Drame Ramon Pujol Fin de siècle
0%
1980 M. Hodges Science fiction Sam Jones Flash gordon
0%
2016 S. Frears Biographie Hugh Grant Florence Foster Jenkins
0%
2013 I. Doval Comédie José Garcia Fonzy
0%
2015 Ph. Ramos Comédie dramatique Jacques Bonnaffé Fou d'amour
0%
2015 A. Sokurov Drame Louis-Do de Lencquesaing Francofonia le Louvre sous l'occupation
0%
2010 S. Bayer Epouvante Aaron Yoo Freddy les griffes de la nuit
0%
Aucun quiz correspondant
Distribution des résultats
% des personnes avec chaque résultat
Percentile par nombre de réponses
Votre historique - résultats
Vous n’avez pas pris ce quiz